| 000 | 01701nam a22006130a 4500 | ||
|---|---|---|---|
| 001 | PT51767 | ||
| 003 | AR-LpoUNG | ||
| 005 | 20260120143233.0 | ||
| 008 | 201001s2014||||ag |||||||||||||||||spa d | ||
| 020 |
_a9789876301770 _c$1,80 |
||
| 040 |
_aAR-LpoUNG _bspa _eaacr |
||
| 041 | _aspa | ||
| 044 | _aag | ||
| 082 | 0 | _a982.024 438his | |
| 100 | 1 |
_aPérez, Mariana _ecoor. |
|
| 245 | 1 | 0 | _aHistoria argentina a través de sus fuentes |
| 250 | _a1ra. ed. | ||
| 260 |
_aBuenos Aires : _bUniversidad Nacional de General Sarmiento, _c2014. |
||
| 300 |
_a222 p. : _bgráfs. |
||
| 490 | 0 | _aLa Universidad en la escuela : fuentes comentadas de historia y filosofía | |
| 650 | 4 | _aANALISIS HISTORICO | |
| 650 | 4 | _aARGENTINA | |
| 650 | 4 | _aASPECTOS POLITICOS | |
| 650 | 4 | _aCIUDADANIA | |
| 650 | 4 | _aCRISIS POLITICA | |
| 650 | 4 | _aCULTURA | |
| 650 | 4 | _aDEMOCRACIA | |
| 650 | 4 | _aDICTADURA | |
| 650 | 4 | _aDOCUMENTOS PRIMARIOS | |
| 650 | 4 | _aENSEÑANZA DE LA HISTORIA | |
| 650 | 4 | _aENSEÑANZA SECUNDARIA | |
| 650 | 4 | _aFUENTES DE INFORMACION | |
| 650 | 4 | _aGOBIERNO MILITAR | |
| 650 | 4 | _aGOLPES DE ESTADO | |
| 650 | 4 | _aHISTORIA | |
| 650 | 4 | _aHISTORIA ECONOMICA | |
| 650 | 4 | _aHISTORIA MODERNA | |
| 650 | 4 | _aHISTORIA POLITICA | |
| 650 | 4 | _aIDEOLOGIAS POLITICAS | |
| 650 | 4 | _aINDEPENDENCIA | |
| 650 | 4 | _aMATERIAL DIDACTICO | |
| 650 | 4 | _aMEDIOS DE ENSEÑANZA | |
| 650 | 4 | _aPARTIDOS POLITICOS | |
| 650 | 4 | _aSOBERANIA | |
| 650 | 4 | _aSOCIEDAD | |
| 650 | 4 | _aPERONISMO | |
| 653 | 0 | _aDESARROLLISMO | |
| 700 | 1 | _aBressan, Raquel | |
| 700 | 1 | _aGayol, Sandra | |
| 700 | 1 | _aGómez, Fernando | |
| 700 | 1 |
_aSilva, Jeremías _ecoor. |
|
| 905 | _a51767 | ||
| 942 |
_cLIB _2ddc |
||
| 999 |
_c51238 _d51238 |
||